|
|
|
|
| LEADER |
00812nam a2200265 4500 |
| 001 |
DLU120142869 |
| 005 |
##20121023 |
| 040 |
# |
# |
|a DLU
|b vie
|
| 041 |
# |
# |
|a vie
|
| 044 |
# |
# |
|a vn
|
| 100 |
# |
# |
|a Bùi Thị Thuý Hằng,
|c TS.
|
| 245 |
# |
# |
|a Vài nét về thực trạng nghiên cứu về tự đào tạo ở Pháp, Bắc Mỹ và Việt Nam /
|c Bùi Thị Thuý Hằng.
|
| 653 |
# |
# |
|a Tự chủ
|
| 653 |
# |
# |
|a Tự học
|
| 653 |
# |
# |
|a Xã hội học tập
|
| 773 |
# |
# |
|t Dạy và học ngày nay
|g Số 11, 2010, tr. 66-68
|
| 920 |
# |
# |
|a Phòng Tạp chí -- Trung tâm Thông tin - Thư viện Trường Đại học Đà Lạt
|
| 994 |
# |
# |
|a DLU
|
| 900 |
# |
# |
|a True
|
| 911 |
# |
# |
|a Nguyễn Thị Linh Chi
|
| 925 |
# |
# |
|a G
|
| 926 |
# |
# |
|a A
|
| 927 |
# |
# |
|a BB
|
| 980 |
# |
# |
|a Thư viện Trường Đại học Đà Lạt
|